| 000 | 00393 a2200145 4500 | ||
|---|---|---|---|
| 001 | 66450 | ||
| 082 | _a621.38415 ROD | ||
| 090 |
_c38545 _d38545 |
||
| 100 | _aRoden, Martin S. | ||
| 245 |
_aAnalog and Digital Communication system, 3rd Ed _cMartin S.Roden |
||
| 250 | _a3 | ||
| 260 |
_aNew Jersey _bPrentice Hall _c1996 |
||
| 300 |
_a505 p. _borigional |
||
| 500 | _aBE textbook Avionics | ||
| 942 |
_aNUST-CAE _k621.38415 ROD |
||
| 999 |
_c301523 _d301523 |
||